000 00158nam a22000857a 4500
082 _a823
100 _aOLIVER GOLD
245 _aSHE STOOPS TO CONQUER
942 _cBK
999 _c8112
_d8112